Animal Quotes Quiz Stats

 Plays Quiz not verified by Sporcle

Support Sporcle.
Go Orange.
Score 0/15 Timer 07:00
0 Plays Today
Quote Animal % Correct
“Curiosity killed the ____, but for a while I was a suspect.” - Steven WrightCat
88%
“Give a man a ____ and you feed him for a day. Teach a man to ____ and you feed him for a lifetime.” - Chinese proverbFish
85.9%
“I am a ____ of very little brain, and long words bother me.” - A. A. Milne's Winnie the PoohBear
80.9%
“____. Why did it have to be ____?” - Harrison Ford as Indiana JonesSnakes
77.4%
“The more I know about men, the more I like ____.” - Gloria AllredDogs
76%
“A ____! a ____! my kingdom for a ____!” - William Shakespeare’s Richard IIIHorse
67.1%
“Is this ____, what I have, or is this fish? I know it’s tuna, but it says “____ by the Sea.” - Jessica SimpsonChicken
66.1%
“Ideas are like ____. You get a couple and learn how to handle them, and pretty soon you have a dozen.” - John SteinbeckRabbits
60.1%
Quote Animal % Correct
''I am really rather like a beautiful Jersey _____, I have the same pathetic droop to the corners of my eyes.'' - Deborah KerrCow
56.9%
“In waking a ____, use a long stick.” - Mao Tse-tungTiger
53.4%
“Fall is my favorite season in Los Angeles, watching the ____ change color and fall from the trees.” - David LettermanBirds
53%
“Trust in Allah. But tie your ____.” - Old Muslim proverbCamel
37.1%
''Fear not, we are of the nature of the _____, and cannot descend to the destruction of mice and such small beasts.' - Elizabeth ILion
29.7%
“I am fond of ____. Dogs look up to us. Cats look down on us. ____ treat us as equals.” - Winston ChurchillPigs
27.2%
“When you have got an ____ by the hind leg, and he is trying to run away, it’s best to let him run.” - Abraham LincolnElephant
22.6%

You're not logged in!

Compare scores with friends on all Sporcle quizzes.
OR
Log In

From the Vault

TV Show Characters III

by mitchymo

There are enough wacky neighbors and spunky children on TV to fill an ark.
Remove Ads.
Support Sporcle.
Get the best of Sporcle when you Go Orange. This ad-free experience offers more features, more stats, and more fun while also helping to support Sporcle. Thank you for becoming a member.

Show Comments

Extras

Top Quizzes Today


Score Distribution

Your Account Isn't Verified!

In order to create a playlist on Sporcle, you need to verify the email address you used during registration. Go to your Sporcle Settings to finish the process.

Report this User

Report this user for behavior that violates our Community Guidelines.

Details: